A nöi : biológiai szerepe a társadalomban öskortól a rencszánszig /

Uložené v:
Podrobná bibliografia
Hlavný autor: Bänder, Andor (Author)
Médium: Kniha
Jazyk:Hungarian
Vydané: 1. kiad. : Budapest, Medicina.
ISBN: (viaz.)
Fyzický popis: 236 s.
Tagy: Pridať tag
Žiadne tagy, Buďte prvý kto otaguje tento záznam!

MARC

LEADER 00000nam a22000004a 4500
001 000467607
005 20150503111705.0
008 150503 hu e hun d
020 |a (viaz.)  |c Kčs 23,50 
040 |a SVKKK  |b slo  |c SVKKK  |e AACR2 
041 0 |a hun 
044 |a hu  |c HU 
100 1 |a Bänder, Andor  |4 aut 
245 1 0 |a A nöi :  |b biológiai szerepe a társadalomban öskortól a rencszánszig /  |c Andor Bänder. 
260 |a 1. kiad. :  |b Budapest,  |c Medicina. 
300 |a 236 s. 
910 |a svkkk 
998 |a BK 
090 |g SCKHL  |k Sklad Pribinova 1. posch.  |a IV.33708  |j 347501  |i 467607-10  |s Absenčne